| 000 | 00486nam a2200181Ia 4500 | ||
|---|---|---|---|
| 001 | 31204 | ||
| 003 | IN-NITTTR | ||
| 005 | 20251114233419.0 | ||
| 008 | 251113s9999||||xx |||||||||||||| ||eng|| | ||
| 040 | _beng | ||
| 040 | _cIN-NITTTR | ||
| 041 | _aeng | ||
| 082 | _a005.8 S73C | ||
| 100 | _aShoemaker, Dan | ||
| 245 | 0 |
_aCybersecurity : _b engineering a secure information technology organization / _cShoemaker, Dan, Sigler, Kenneth |
|
| 700 | _a Sigler, Kenneth | ||
| 942 |
_2ddc _cBK |
||
| 999 |
_c33834 _d33834 |
||